Chapter: 'Ten Theses on the Subject of Biology and Politics: Conceptual, Methodological, and Biopolitical Considerations' from book: The Palgrave Handbook of Biology and Society (Record no. 7948)
[ view plain ]
| 000 -LEADER | |
|---|---|
| fixed length control field | 00504nam a2200121Ia 4500 |
| 008 - FIXED-LENGTH DATA ELEMENTS--GENERAL INFORMATION | |
| fixed length control field | 220615s9999||||xx |||||||||||||| ||und|| |
| 100 ## - MAIN ENTRY--PERSONAL NAME | |
| Personal name | Samantha Frost |
| 245 #0 - TITLE STATEMENT | |
| Title | Chapter: 'Ten Theses on the Subject of Biology and Politics: Conceptual, Methodological, and Biopolitical Considerations' from book: The Palgrave Handbook of Biology and Society |
| 546 ## - LANGUAGE NOTE | |
| Language note | English[eng] |
| 650 ## - SUBJECT ADDED ENTRY--TOPICAL TERM | |
| Topical term or geographic name entry element | biopolitics||society||biology |
| 856 ## - ELECTRONIC LOCATION AND ACCESS | |
| Uniform Resource Identifier | <a href="https://link.springer.com/chapter/10.1057/978-1-137-52879-7_38">https://link.springer.com/chapter/10.1057/978-1-137-52879-7_38</a> |
| 942 ## - ADDED ENTRY ELEMENTS (KOHA) | |
| Koha item type | E-Books |
| Withdrawn status | Lost status | Damaged status | Not for loan | Home library | Current library | Date acquired | Total Checkouts | Date last seen | Price effective from | Koha item type |
|---|---|---|---|---|---|---|---|---|---|---|
| Kerala University of Digital Sciences, Innovation and Technology Knowledge Centre | Kerala University of Digital Sciences, Innovation and Technology Knowledge Centre | 15/06/2022 | 15/06/2022 | 15/06/2022 | E-Books |